Statistiques concernant Pays sans littoral

Cliquez ici pour prendre le quiz!

Statistiques générales

  • Ce quiz a été pris 94 fois
  • Le résultat moyen est 39 sur 45

Statistiques - réponses

Answer % Correct
Autriche
99%
Suisse
96%
Tchad
96%
Mongolie
95%
Andorre
95%
Kazakhstan
95%
Slovaquie
92%
Lesotho
92%
Bolivie
92%
Hongrie
92%
Népal
91%
Luxembourg
91%
Niger
91%
République tchèque
90%
Paraguay
90%
Tadjikistan
90%
Zambie
90%
Ouzbékistan
90%
Serbie
89%
Centrafrique
89%
Soudan du Sud
89%
Rwanda
89%
Mali
87%
Burundi
87%
Liechtenstein
87%
Bhoutan
87%
Turkménistan
87%
Swaziland
87%
Arménie
87%
Zimbabwe
86%
Burkina Faso
84%
Saint-Marin
82%
Vatican
81%
Kosovo
81%
Laos
81%
Malawi
81%
Biélorussie
81%
Kirghizistan
81%
Ouganda
80%
Azerbaïdjan
80%
Éthiopie
78%
Afghanistan
78%
Macédoine
77%
Botswana
77%
Moldavie
76%

Distribution des résultats

Percentile by Number Answered

% des personnes avec chaque résultat

Votre développement - résultats

Vous n’avez pas pris ce quiz